[Event "Voronezh Region-ch (Women)"]
[Site "Voronezh"]
[Date "2018.11.24"]
[Round "2"]
[White "Sharykina, Rimma"]
[Black "Titarenko, Irina"]
[Result "0-1"]
[WhiteElo "1672"]
[BlackElo "1849"]
[PlyCount "76"]
[EventDate "2018.11.23"]
[EventType "swiss"]
[EventRounds "9"]
[EventCountry "RUS"]
[SourceTitle "EXT 2020"]
[Source "ChessBase"]
[SourceDate "2019.10.17"]
[SourceVersion "1"]
[SourceVersionDate "2019.10.17"]
[SourceQuality "1"]

1. c4 e5 2. d3 Bb4+ 3. Bd2 Bxd2+ 4. Nxd2 Nf6 5. Ngf3 Nc6 6. e3 0-0 7. Be2 d5 8. 0-0 dxc4 9. Nxc4 Qe7 10. e4 Rd8 11. Qc2 Bg4 12. h3 Bh5 13. Qc3 Nd4 14. Nxd4 Rxd4 15. Bxh5 Nxh5 16. g3 Rad8 17. Rad1 Qg5 18. Kh2 Nf6 19. Ne3 c6 20. Qc2 h5 21. f4 exf4 22. gxf4 Qb5 23. Nc4 h4 24. Ne5 Nh5 25. Nc4 Ng3 26. Rfe1 Qh5 27. Ne5 Nxe4 28. Rxe4 Rxe4 29. Ng4 Rxf4 30. Rg1 Kh8 31. Qc3 Rfd4 32. Nf2 Qe5+ 33. Kh1 f6 34. Rg2 Qe3 35. Qb3 Rxd3 36. Qxb7 Rd1+ 37. Nxd1 Rxd1+ 38. Kh2 Qf4+ 0-1

[Event "Voronezh op-B 11th"]
[Site "Voronezh"]
[Date "2007.06.12"]
[Round "1"]
[White "Titarenko, Irina"]
[Black "Uzhva, Andrey Nikolaevich"]
[Result "0-1"]
[WhiteElo "1985"]
[BlackElo "2244"]
[PlyCount "120"]
[EventDate "2007.06.12"]
[EventType "swiss"]
[EventRounds "9"]
[EventCountry "RUS"]
[SourceTitle "EXT 2010"]
[Source "ChessBase"]
[SourceDate "2010.11.25"]
[SourceVersion "1"]
[SourceVersionDate "2010.11.25"]
[SourceQuality "1"]

1. e4 c5 2. d4 cxd4 3. c3 dxc3 4. Nxc3 d6 5. Nf3 Nc6 6. Bc4 e6 7. Qe2 Be7 8. 0-0 a6 9. a4 h6 10. Rd1 Qc7 11. Be3 Nf6 12. Rac1 0-0 13. Ba2 Qa5 14. Nd4 Nxd4 15. Rxd4 e5 16. b4 Qd8 17. Rd2 Be6 18. b5 Bxa2 19. Rxa2 Qa5 20. Bd2 Qd8 21. a5 Qd7 22. b6 Rac8 23. Rac2 Rc5 24. Nd1 Rfc8 25. Bb4 Rxc2 26. Rxc2 Rc6 27. f3 Qc8 28. Ne3 g6 29. Qd2 Rxc2 30. Nxc2 Qc6 31. Ne3 Bf8 32. h4 h5 33. Kh2 Bh6 34. Qd3 Bxe3 35. Qxe3 d5 36. Qh6 Qe8 37. exd5 Nxd5 38. Ba3 Qd8 39. g3 Qe8 40. Qc1 Kh7 41. Qc5 Qe6 42. Bc1 Kg7 43. Bb2 Kh7 44. Bc1 Kg7 45. Bb2 Kg8 46. Ba3 Nf6 47. Bb2 Nd5 48. Ba3 Nf6 49. Bb2 Qd5 50. Qxd5 Nxd5 51. Bxe5 Ne3 52. Bf6 Kf8 53. Kh3 Nc4 54. Bc3 Ke7 55. g4 Ke6 56. Kg3 Ne3 57. Bb4 f5 58. gxh5 gxh5 59. f4 Kd5 60. Kf3 Kd4 0-1